ARRUPE JESUIT UNIVERSITY

CORONAVIRUS -STOP THE SPREAD - CLEAN,DISINFECT,COVER

Mind what you think (Record no. 131907)

MARC details
000 -LEADER
fixed length control field 00511nam a22001697a 4500
003 - CONTROL NUMBER IDENTIFIER
control field ARRUPE
005 - DATE AND TIME OF LATEST TRANSACTION
control field 20240510091651.0
008 - FIXED-LENGTH DATA ELEMENTS--GENERAL INFORMATION
fixed length control field 240510b |||||||| |||| 00| 0 eng d
020 ## - INTERNATIONAL STANDARD BOOK NUMBER
International Standard Book Number 9780646998213
040 ## - CATALOGING SOURCE
Transcribing agency AJU
050 ## - LIBRARY OF CONGRESS CALL NUMBER
Classification number BF575.S75 G733 2020
300 ## - PHYSICAL DESCRIPTION
Dimensions 22cm.
100 ## - MAIN ENTRY--PERSONAL NAME
Personal name Graham, Karen Gaye
9 (RLIN) 52769
245 ## - TITLE STATEMENT
Title Mind what you think
Remainder of title how to find balance and enjoy freedom from stress
Statement of responsibility, etc Karen Gaye Graham
260 ## - PUBLICATION, DISTRIBUTION, ETC. (IMPRINT)
Place of publication, distribution, etc Australia
Name of publisher, distributor, etc Light idea press
Date of publication, distribution, etc 2020
300 ## - PHYSICAL DESCRIPTION
Extent viii, 204p. ;
942 ## - ADDED ENTRY ELEMENTS (KOHA)
Source of classification or shelving scheme Library of Congress Classification
Koha item type Monograph ( Printed materials)
Holdings
Withdrawn status Lost status Source of classification or shelving scheme Damaged status Not for loan Collection code Home library Current library Shelving location Date acquired Total Checkouts Full call number Barcode Date last seen Date checked out Price effective from Koha item type
    Library of Congress Classification     Main Collection ARRUPE LIBRARY ARRUPE LIBRARY Main Collection 10/05/2024 1 BF575.S75 G733 2020 46700000370 07/04/2025 11/10/2024 10/05/2024 Monograph ( Printed materials)

 

Arrupe Library. PO Box MP320 Mt Pleasant, Harare, Zimbabwe
263 242 745411|librarian@aju.ac.zw